00309nam a2200121Ia 4500008004100000041000800041082001300049100001600062245004400078260002500122365001600147700002400163230718s9999 xx 000 0 und d aeng a658bCAN aCanfield J. a5th Potion Of Chicken Soup For The Soul c1999bWestland Books cRs.b195.00 aCanfield J & Others